LIBRARY & INFORMATION CENTRE, KCAET, TAVANUR

ONLINE PUBLIC ACCESS CATALOGUE (OPAC)

Dairy science and technology handbook / | Vol.3: Applications science, Technology and Enginering (Record no. 17670)

MARC details
000 -LEADER
fixed length control field 00751pam a2200217 a 4500
003 - CONTROL NUMBER IDENTIFIER
control field OSt
008 - FIXED-LENGTH DATA ELEMENTS--GENERAL INFORMATION
fixed length control field 920731s1993 nyua b 001 0 eng
020 ## - INTERNATIONAL STANDARD BOOK NUMBER
ISBN 1560810785 (VCH Publishers)
020 ## - INTERNATIONAL STANDARD BOOK NUMBER
ISBN 3527281622 (VCH Verlagsgesellschaft)
041 ## - LANGUAGE CODE
Language code of text/sound track or separate title eng
082 00 - DEWEY DECIMAL CLASSIFICATION NUMBER
Classification number 637.14
Item number HUI/DA
245 00 - TITLE STATEMENT
Title Dairy science and technology handbook /
Remainder of title Vol.3: Applications science, Technology and Enginering
250 ## - EDITION STATEMENT
Edition statement Indian Ed.,
260 ## - PUBLICATION, DISTRIBUTION, ETC. (IMPRINT)
Place of publication New Delhi
Name of publisher VCH,
Year of publication c1994.
300 ## - PHYSICAL DESCRIPTION
Number of Pages 3 v. :
Other physical details ill. ;
505 0# - FORMATTED CONTENTS NOTE
Formatted contents note v. 1. Principles and properties -- v. 2. Product manufacturing -- v. 3. Applications science, technology, and engineering.
650 #0 - SUBJECT ADDED ENTRY--TOPICAL TERM
Topical Term Dairy processing.
650 #0 - SUBJECT ADDED ENTRY--TOPICAL TERM
Topical Term Dairy products.
700 1# - ADDED ENTRY--PERSONAL NAME
Personal name Hui, Y. H.
942 ## - ADDED ENTRY ELEMENTS (KOHA)
Koha item type Books
Holdings
Withdrawn status Lost status Damaged status Home library Current library Shelving location Date acquired Source of acquisition Cost, normal purchase price Full call number Accession Number Koha item type
      KAUAET KAUAET General Stacks 23/03/2023 EEDEEYOU Manjeri 1295.00 637.14 HUI/DA 26210 Books
      KAUAET KAUAET General Stacks 23/03/2023 EEDEEYOU Manjeri 1295.00 637.14 HUI/DA 26211 Books
free website counter